|
|
|
|
| LEADER |
00000cam a2200000 7i4500 |
| 001 |
0000016817 |
| 005 |
20080429.0 |
| 008 |
080429 |
| 020 |
|
|
|a 1845971213
|
| 090 |
0 |
0 |
|a 746.9
|b CAR
|
| 100 |
1 |
|
|a Cargill, Katrin
|
| 245 |
1 |
4 |
|a The soft furnishing workbook with 32 step-by-step projects
|c Katrin Cargill ; photography by James Merrell
|
| 260 |
|
|
|a London :
|b Ryland Peters & Small ,
|c 2006
|
| 650 |
|
0 |
|a Sewing
|x Handbooks, manual, etc
|
| 740 |
0 |
|
|a The soft furnishing workbook with thirty two step-by-step projects
|
| 999 |
|
|
|a 0001013958
|b Book
|c REFERENCE
|e Perbadanan Perpustakaan Awam Johor
|